=LDR 00000nam 2200000 4500 =001 INLIS000000000042124 =005 20210215094030 =035 ##$$a 0010-101300000000046 =008 210215################g##########0#ind## =041 ##$$a Ind =082 ##$$a 337 =090 ##$$a 337, Had e.1 =100 ##$$a Hadis, Syfril =245 1#$$a Ekonomi internasional /$c Syafril Hadis =260 ##$$a Jakarta :$b Raja Grafindo Persada,$c 1996 =300 ##$$a x, 171 hlm, : $b ilus. ; $c 20 x 14 cm. =850 ##$$a NBPNMAT =020 ##$$a 979-421-546-5 =084 ##$$a 337 HAD e =650 #4$$a Ekonomi, Keadaan =990 ##$$a 1200001325 =990 ##$$a DW20010143 =990 ##$$a DW20010144